Statistics for MLS Soccer Team Logos

Click here to take the quiz!

General Stats

  • This quiz has been taken 4,291 times
  • The average score is 13 of 22

Answer Stats

Team% Correct
Galaxy
92%
Fire
84%
Red Bulls
77%
Sounders
75%
FC Dallas
68%
Timbers
64%
United
64%
Toronto FC
63%
Whitecaps
62%
United
54%
Revolution
53%
Orlando City SC
51%
Union
51%
Real
50%
Sporting
50%
New York City FC
48%
Dynamo
47%
Rapids
46%
Earthquakes
43%
Crew
41%
Impact
40%
United
36%

Score Distribution

Percentile by Number Answered

Percent of People with Each Score

Your Score History

You have not taken this quiz